[Event "Paracin op-A 15th"]
[Site "Paracin"]
[Date "2022.07.15"]
[Round "8"]
[White "Praggnanandhaa, Rameshbabu"]
[Black "Arjun, Kalyan"]
[Result "1-0"]
[WhiteElo "2648"]
[BlackElo "2499"]
[PlyCount "49"]
[EventDate "2022.07.08"]
[EventType "swiss"]
[EventRounds "9"]
[EventCountry "SRB"]
[SourceTitle "CBM 209 Extra"]
[Source "ChessBase"]
[SourceDate "2022.09.30"]
[SourceVersion "1"]
[SourceVersionDate "2022.09.30"]
[SourceQuality "1"]

1. d4 Nf6 2. c4 e6 3. Nc3 Bb4 4. e3 O-O 5. Bd3 d5 6. cxd5 exd5 7. Nge2 Re8 8. Bd2 c6 9. O-O Bf8 10. Qc2 a5 11. a3 Na6 12. Rad1 $146 ({RR} 12. Rfd1 Bd7 13. Ng3 Bg4 14. f3 Be6 15. e4 dxe4 16. Ncxe4 Nxe4 17. Bxe4 g6 18. Bc3 Nc7 19. Re1 Nd5 20. Bxd5 Qxd5 21. Re5 Qd8 22. Rae1 Bg7 23. R5e4 Qd5 24. Qf2 b6 25. Ne2 Qd7 26. Nf4 Bd5 {Socko,M (2439)-Bojkovic,N (2398) Mallorca 2004 ½-½ (39)}) 12... g6 13. Kh1 Bd7 14. f3 b5 15. e4 b4 16. Na4 bxa3 17. bxa3 c5 18. Nxc5 Nxc5 19. dxc5 dxe4 20. Bxe4 Nxe4 21. fxe4 Qe7 22. Bg5 Qxg5 23. Rxd7 Qxc5 24. Qa2 Be7 25. Rxf7 1-0

[Event "WR Chess Masters 2024"]
[Site "London ENG"]
[Date "2024.10.14"]
[Round "1.1"]
[White "Praggnanandhaa, R.."]
[Black "Bologan, V.."]
[Result "1-0"]
[WhiteElo "2746"]
[BlackElo "2608"]
[PlyCount "51"]
[EventDate "2024.10.14"]
[EventType "k.o."]

1. d4 Nf6 2. c4 e6 3. Nc3 Bb4 4. a3 Bxc3+ 5. bxc3 c5 6. e3 Nc6 7. Bd3 b6 8. e4 e5 9. d5 Na5 10. f4 d6 11. fxe5 dxe5 12. Nf3 Qe7 13. Bg5 $146 ({RR} 13. O-O h6 14. Ra2 Bg4 15. Raf2 Nd7 16. Be2 Bxf3 17. Bxf3 Nxc4 18. Bh5 g6 19. Rxf7 Qxf7 20. Rxf7 Kxf7 21. Bxg6+ Kg7 22. Qg4 Nf6 23. Qg3 Kf8 24. Bf5 Rg8 25. Bxh6+ Ke7 26. Bg7 Ne8 27. Qg5+ Kd6 {Ryskin,A-Artishevsky,S Minsk 1985 1-0}) 13... h6 14. Bh4 g5 15. Bg3 Nd7 16. O-O h5 17. Be2 Nb7 18. d6 Nxd6 19. Nxe5 Nxe5 20. Qd5 Bb7 21. Qxe5 Rh6 22. Qg7 Rg6 23. Qh8+ Kd7 24. Qxh5 Qxe4 25. Bg4+ f5 26. Qh7+ 1-0

[Event "Reykjavik Kvika op"]
[Site "Reykjavik"]
[Date "2022.04.11"]
[Round "8"]
[White "Praggnanandhaa, Rameshbabu"]
[Black "Cornette, Matthieu"]
[Result "1-0"]
[WhiteElo "2624"]
[BlackElo "2569"]
[PlyCount "49"]
[EventDate "2022.04.06"]
[EventType "swiss"]
[EventRounds "9"]
[EventCountry "ISL"]
[SourceTitle "CBM 207 Extra"]
[Source "ChessBase"]
[SourceDate "2022.05.31"]
[SourceVersion "1"]
[SourceVersionDate "2022.05.31"]
[SourceQuality "1"]

1. d4 Nf6 2. c4 e6 3. Nc3 Bb4 4. e3 O-O 5. Bd2 d5 6. Nf3 b6 7. cxd5 exd5 8. Bd3 Bb7 9. Qc2 Re8 10. a3 Bf8 11. Ng5 g6 12. h4 Bg7 $146 ({RR} 12... Nc6 13. O-O-O Ng4 14. Nxh7 Nxf2 15. Nxf8 Rxf8 16. Bxg6 Nxd1 17. Nxd1 Ne7 18. Bd3 c5 19. Rh3 Rc8 20. Rg3+ Kh8 21. Bc3 c4 22. Qe2 Rc6 23. Qh5+ Rh6 24. Qxh6# {1-0 (24) Han,Y (2413)-Rostovtsev,D (2264) chess.com INT 2023}) ({RR} 12... c5 13. h5 h6 14. hxg6 hxg5 15. gxf7+ Kxf7 16. Bg6+ Ke7 17. Qf5 Bg7 18. e4 Nc6 19. Bxe8 Qxe8 20. Nxd5+ Nxd5 21. Bxg5+ Kd6 22. Qxd5+ Kc7 23. Rh7 {1-0 (23) Aronian,L (2785)-Esipenko,A (2723) Berlin 2022}) 13. O-O-O Ng4 14. Nxh7 Kxh7 15. h5 Kg8 16. hxg6 f6 17. Rdf1 Nc6 18. Ne2 Qd6 19. Ng3 Ne7 20. Rh7 f5 21. Nh5 Bf8 22. Bxf5 Nf6 23. Bb4 c5 24. dxc5 bxc5 25. Bxc5 1-0

[Event "Superbet ROM Classic 2024"]
[Site "Bucharest ROU"]
[Date "2024.07.02"]
[Round "6.2"]
[White "Praggnanandhaa, R.."]
[Black "Deac, Bogdan-Daniel"]
[Result "1/2-1/2"]
[WhiteElo "2747"]
[BlackElo "2680"]
[PlyCount "77"]
[EventDate "2024.06.26"]

1. d4 Nf6 2. c4 e6 3. Nc3 Bb4 4. e3 b6 5. Nge2 Ne4 6. Bd2 Nxd2 7. Qxd2 Bb7 8. a3 Be7 9. d5 a5 ({RR} 9... d6 10. O-O-O Nd7 11. Kb1 O-O 12. h4 Bf6 13. g4 Bxc3 14. Nxc3 Nc5 15. h5 h6 16. f4 a5 17. Rg1 exd5 18. cxd5 Re8 19. g5 hxg5 20. Rxg5 Qf6 21. Bd3 Kh8 22. Rdg1 Rg8 23. Bc2 a4 24. e4 {Sarana,A (2717)-Caruana,F (2796) chess.com INT 2024 1-0 (32)}) 10. Nf4 $146 ({RR} 10. b3 Na6 11. g3 O-O 12. Bg2 e5 13. O-O Bd6 14. f4 f5 15. fxe5 Bxe5 16. Nd4 g6 17. Rae1 Qf6 18. Kh1 {½-½ (18) Hoi,C (2415)-Nielsen,U (2300) Gausdal 1990}) ({RR} 10. g3 O-O 11. Bg2 d6 12. O-O e5 13. b4 Nd7 14. Nb5 f5 15. e4 f4 16. f3 Bg5 17. Qc3 Ba6 18. Bh3 Kh8 19. Kh1 Nf6 20. gxf4 Bxf4 21. Nxf4 exf4 22. Nd4 Qe7 23. Ne6 Bc8 24. Rg1 Bxe6 {Gholami Orimi,M (2509)-Lazavik,D (2572) chess.com INT 2025 0-1}) 10... e5 11. Nd3 d6 12. Be2 Nd7 13. O-O Ba6 14. Nc1 Bc8 15. Bd1 Nc5 16. Nd3 O-O 17. e4 Bg5 18. Qe2 g6 19. Rb1 f5 20. Nxc5 bxc5 21. b4 cxb4 22. axb4 fxe4 23. Nxe4 axb4 24. Rxb4 Bf5 25. Rb2 Bc1 26. Rb1 Bxe4 27. Qxe4 Ba3 28. g3 Bc5 29. Rb2 Ra1 30. Bf3 Qa8 31. Rc2 Kg7 32. Rxa1 Qxa1+ 33. Kg2 h5 34. Re2 Qc3 35. Rc2 Qa1 36. Re2 Qc3 37. Rc2 Qb3 38. Rd2 Qc3 39. Rc2 1/2-1/2

[Event "Tata Steel-A 84th"]
[Site "Wijk aan Zee"]
[Date "2022.01.30"]
[Round "13"]
[White "Praggnanandhaa, Rameshbabu"]
[Black "Esipenko, Andrey"]
[Result "1-0"]
[WhiteElo "2612"]
[BlackElo "2714"]
[Annotator "Praggnanandhaa,Rameshbabu"]
[PlyCount "117"]
[EventDate "2022.01.15"]
[EventType "tourn"]
[EventRounds "13"]
[EventCountry "NED"]
[EventCategory "20"]
[SourceTitle "CBM 206"]
[Source "ChessBase"]
[SourceDate "2022.02.28"]
[SourceVersion "1"]
[SourceVersionDate "2022.02.28"]
[SourceQuality "1"]

{[%evp 0,117,25,26,18,-17,3,2,30,3,-9,-2,22,19,21,4,14,8,22,13,62,53,49,-25,30,26,27,19,25,7,7,43,40,14,8,4,4,27,0,-11,-3,-16,9,-14,-17,-22,15,-10,-9,-10,51,55,65,104,52,52,94,94,165,191,177,177,159,179,163,112,126,163,201,204,371,173,166,197,193,197,193,196,210,218,228,194,196,196,232,191,195,192,195,195,211,209,210,209,210,206,225,141,225,215,214,210,210,210,209,210,210,196,210,141,209,196,197,196,207,230,240,240,247,250] This was the final round of the event. I was really motivated to finish the event on a high note. My opponent was having a good tournament so far.} 1. d4 Nf6 2. c4 e6 3. Nc3 Bb4 4. a3 {I got a rest day before this game due to Dubov having Covid. So me and my coach GM RB Ramesh decided to try 4.a3 inspired by Jorden van Foreest who won a nice game against Anish Giri in this event few days back.} Bxc3+ 5. bxc3 c5 {Here Anish played b6. My opponent chose a classical move.} (5... b6 6. f3 Nc6 7. e4 Na5 8. Bd3 Ba6 9. Qe2 d6 10. f4 Qd7 11. Nf3 Qa4 12. Nd2 e5 13. O-O O-O 14. fxe5 dxe5 15. Rb1 c5 16. Rxf6 $1 $16 {1-0 (42) Van Foreest,J (2702)-Giri,A (2772) Wijk aan Zee NED 2022}) 6. e3 (6. f3 {This is the recent trend. Magnus tried this a lot in Rapid and Blitz. But we decided go for the old mainline with e3.}) 6... Nc6 7. Bd3 O-O 8. Ne2 b6 9. e4 Ne8 $1 {Very important move in this line, stopping Bg5.} (9... Ba6 $2 10. Bg5 $16) 10. O-O Ba6 11. f4 f5 {There are other moves as well but this is the old and classical move.} 12. exf5 (12. Ng3 {This is also a interesting try for white}) 12... exf5 13. dxc5 bxc5 14. Be3 d6 15. Ng3 Ne7 {Slightly inaccurate, ...g6 was better.} (15... g6 $1 {This is the main move, not caring for Bxf5 tricks.} 16. Re1 {This is what Carlsen tried against Hikaru} (16. Bxf5 $2 gxf5 17. Qd5+ Rf7 18. Qxc6 Bb7 19. Qa4 h5 $17 {This position is nearly winning for black,}) 16... Nf6 17. Bf2 Qd7 18. Nf1 {A similar plan to what happened in my game.} Na5 19. Bh4 Rae8 {0-1 (53) Carlsen,M (2863)-Nakamura,H (2736) chess24.com INT 2020}) ({RR} 15... g6 16. Re1 Nf6 17. Bf2 Qd7 18. Nf1 Na5 19. Bh4 Rae8 20. Rxe8 Qxe8 21. Bxf6 Rxf6 22. Qf3 Re6 23. Rb1 Bxc4 24. Bxc4 Nxc4 25. a4 Kg7 26. Qb7+ Qf7 27. Qa6 Re7 28. Rb8 Kh6 29. h3 Qe6 30. Ra8 {Carlsen,M (2863)-Nakamura,H (2736) chess24.com INT 2020 0-1 (53)}) ({RR} 15... g6 16. Re1 Ng7 17. Bf2 Na5 18. Nf1 Re8 19. Ne3 Rb8 20. Qa4 Bb7 21. Nd5 Bc6 22. Rxe8+ Nxe8 23. Qc2 Nf6 24. Bh4 Bxd5 25. cxd5 c4 26. Bxf5 Kg7 27. Re1 Qb6+ 28. Kh1 Nxd5 29. Qd2 Qc5 30. Be6 {Manukyan,S (2233)-Raahul,V (2405) chess.com INT 2025 1-0 (38)}) 16. Qf3 $146 {I wanted to stop Bb7.} (16. Re1 $1 Bb7 17. Ra2 $1 {This is an interesting position, a better version compared to direct 15...g6.}) ({RR} 16. Qa4 Nc7 17. Rfd1 Qe8 18. Qc2 Rb8 19. Re1 Qf7 20. Bf2 Rbe8 21. Qa4 Ng6 22. Rxe8 Qxe8 23. Qa5 Qc6 24. Bxf5 Nxf4 25. Be4 Ne2+ 26. Nxe2 Qxe4 27. Re1 Bb7 28. Nf4 Qxf4 {0-1 (28) Chiong Zacarias,R (2373)-Zarnicki,P (2536) Dos Hermanas 2003}) 16... Nc7 $6 {In this line the knight should go to f6. As it happened in the game, the knight got misplaced.} (16... g6 $1 {Probably my opponent was hesitant to play g6 as it weakens the kingside. But more importantly, it makes white pieces bad and stops white's plan on time} 17. Rfe1 Nf6 18. Nf1 Qd7 19. Bf2 (19. Rab1 Rab8 $15) 19... Bb7 $15 {This is the problem of Qf3.}) 17. Rab1 (17. Rfe1 $1 $14 {This is accurate to keep the Rad1 option.}) 17... Qd7 18. Rfe1 g6 {Finally black had to play ...g6 if he wants to move his knights.} 19. Bf2 Nc8 20. Nf1 $1 {The main plan in this position.} Nb6 21. Ne3 Rae8 22. Bh4 (22. h4 {This was one of my first intentions, but I didn't like it so much that after h5, the bishop on f2 becomes very bad.} h5 $13) 22... Qg7 23. Rbc1 (23. Bf1 $1 Qxc3 24. a4 $1 {Objectively this is correct, but I never even considered it.} Nxa4 25. Rbd1 $1 {It is very interesting to see that white can just give 2 pawns for nothing and still be better, showing how strongly the white pieces are placed.} Re6 26. Rd3 Qg7 27. Qc6 Nc3 28. Rxc3 $1 Qxc3 29. Nd5 Qd4+ 30. Bf2 Rxe1 31. Bxd4 Rxf1+ 32. Kxf1 Bxc4+ 33. Kg1 Bxd5 34. Qxc7 cxd4 35. Qxd6 Bf7 36. Qxd4 Ra8 $11 {This is forced according to the computer, but doesn't seem forced for humans.}) 23... Re6 (23... Ne6 {I was expecting this move more with the plan to play Bb7} 24. h3 {I was intending this just to improve. I didn't find any other useful move for white.} Bb7 25. Nd5 {White has a plesant position here.}) 24. a4 $5 (24. h3 $5 {This was the top choice of computers, but I think a4 is more practical.} Rfe8 25. Kh2 $16 {Just improving the position and preparing g4.}) 24... Nxa4 $6 (24... Rfe8 {I was expecting this during the game to have better version than what happened.} 25. a5 Na4 26. g4 $5 (26. Nd5 {I was planning to play this.} Rxe1+ 27. Rxe1 Rxe1+ 28. Bxe1 {Here I felt both bishop a6 and knight a4 are bad.}) 26... fxg4 27. Qf2 $1 {This is dangerous according to the computer.}) 25. Nd5 $1 {Whole point of a4} Bb7 26. Rxe6 Nxe6 27. Re1 Qd7 $2 (27... g5 $1 28. fxg5 (28. Rxe6 gxh4 29. Re7 {When I played a4 I thought this was over, completely missing Rf7 here.} Rf7 {White has to take draw} 30. Re8+ Rf8 31. Re7 Rf7 $11) 28... Nxg5 29. Qg3 Ne4 30. Bxe4 Qxg3 31. Bxg3 fxe4 32. Bxd6 $14 {Still Black has to work a lot to make a draw,}) (27... Nc7 $5) 28. Qg3 (28. Qf2 $1 {also wins} Bxd5 (28... Kg7 29. g4 $18 fxg4 30. f5 gxf5 31. Bf6+ $1 Rxf6 32. Nxf6 Ng5 33. Nxd7 $18) 29. cxd5 Nc7 30. Re7 Qc8 31. Qa2 $18 {This is difference between Qf2 and Qg3.} Nb6 32. Qxa7 Nbxd5 33. Bc4 $18) (28. Ne7+ $1 Qxe7 29. Bxe7 Bxf3 30. Bxf8 $1 (30. gxf3 $2 Re8 31. Rxe6 Kf7 $11) 30... Nxf4 31. Bxd6 Nxd3 32. Re8+ Kf7 33. Re7+ Kf6 34. gxf3 $18 {I saw this line during the game but assesed it wrongly. I thought black has some counterplay but it is completely winning for white.}) 28... Rf7 $2 {I was very suprised to see this on the board.} (28... Bxd5 {I think this was practically very hard move to make. Just to allow Re7 looks completely bad for black, but apparently there is nothing concrete.} 29. cxd5 Nc7 30. Re7 {probably this was the reason my opponent might have rejected this line} Qc8 {Here I was calculating Qe1 or Qe3 during the game} 31. Qe1 $1 (31. Qe3 $6 Nxd5 32. Bc4 Nab6 {Here white has nothing it seems.}) 31... Nb6 $1 {I just didn't understand that white has no threat.} (31... Re8 $2 32. Rxe8+ Qxe8 33. Qxe8+ Nxe8 34. Bb5 Nxc3 35. Bxe8 $18 {I saw this and thought I was winning If black plays Bd5}) 32. c4 Re8 33. g4 $1 $16 {The computer says this is very strong.}) 29. Nf6+ Rxf6 30. Bxf6 {White is exchange up plus has a very good attack} Kf7 31. Qh4 h5 32. Bg5 $1 Qc6 33. Qh3 {Threating Bf5 ideas} Nxg5 34. fxg5 Bc8 35. Qe3 (35. g4 $1 $18 {This would have been a nicer finish to this game.} fxg4 36. Qe3 $18) 35... Qd7 36. Qe2 {With the idea of Bf5} Qd8 37. Qa2 Bd7 38. Bc2 Nb6 39. Qxa7 Nc8 (39... Qxg5 40. Qxb6 Qd2 41. Rf1 Qxc2 42. Qxd6 $18) 40. Qb7 Ne7 41. h4 Be6 42. Ra1 Qc8 43. Qxc8 Nxc8 44. Bb3 Ke7 45. Ra6 Kd8 46. Kf2 Kc7 47. Ra1 Bf7 48. Ke3 Be6 49. Kf4 Kd8 50. Ra8 Kc7 51. Ra2 Bf7 52. Ra1 {Just playing around for some moves before going for the plan,} Kd8 53. Ke3 Be6 54. g3 Kc7 55. Kf4 Bf7 56. Ba4 $1 Nb6 (56... Bxc4 57. Be8 Ne7 58. Ra7+ Kd8 59. Rxe7 Kxe7 60. Bxg6 {This is completely over, white will get two connected passed pawns on the kingside.}) 57. Bb5 Nc8 (57... Bxc4 58. Be8 Nd5+ 59. Kf3 Nxc3 60. Bxg6 $18 {The g5 pawn is much stronger than these two connected pawns.}) 58. Ke3 Be6 59. Be8 {I was very happy to finish the tournament with a win!} 1-0

[Event "Stepan Avagyan Mem 2025"]
[Site "Jermuk ARM"]
[Date "2025.06.03"]
[Round "6.2"]
[White "Praggnanandhaa, R.."]
[Black "Gledura, B.."]
[Result "1-0"]
[WhiteElo "2758"]
[BlackElo "2663"]
[PlyCount "87"]
[EventDate "2025.05.29"]

1. d4 Nf6 2. c4 e6 3. Nc3 Bb4 4. a3 Bxc3+ 5. bxc3 b6 6. f3 Nc6 7. e4 Ba6 8. Bg5 h6 9. Bh4 g5 ({RR} 9... Na5 10. e5 g5 11. Bf2 Nh5 12. c5 Bxf1 13. Kxf1 d6 14. exd6 cxd6 15. h4 gxh4 16. Rxh4 Nf6 17. c4 dxc5 18. dxc5 Qxd1+ 19. Rxd1 Nd7 20. cxb6 axb6 21. Ne2 Rc8 22. Nc3 Rxc4 23. Ne4 Rc7 24. Nd6+ {Carlsen,M (2861)-Ding,L (2805) Cupar 2019 ½-½ (44)}) 10. Bf2 Qe7 11. Bd3 $146 ({RR} 11. Qa4 Na5 12. c5 Bxf1 13. Kxf1 Kf8 14. Ne2 Nc6 15. cxb6 cxb6 16. Rd1 Kg7 17. d5 Ne5 18. d6 Qd8 19. Ng3 h5 20. Qb5 Ng6 21. Qxg5 h4 22. Ne2 Rh5 23. Qd2 Qc8 24. Bd4 e5 25. Be3 Qc6 {Martinez Lopez,D (2316)-Plaskett,H (2438) La Roda 2016 ½-½ (39)}) ({RR} 11. h4 O-O-O 12. c5 Bxf1 13. Kxf1 Nh5 14. cxb6 axb6 15. c4 e5 16. c5 exd4 17. cxb6 cxb6 18. Ne2 Qe5 19. Rb1 f5 20. Qb3 Qa5 21. Nxd4 Nxd4 22. Bxd4 Ng3+ 23. Kf2 Qd2+ 24. Kxg3 Qf4+ 25. Kf2 Qd2+ {Hovhanisian,M (2397)-Cina',V (2325) Palmanova ITA 2024 ½-½ (82)}) ({RR} 11. h4 O-O-O 12. d5 Na5 13. c5 Bxf1 14. d6 cxd6 15. cxd6 Qf8 16. Kxf1 Ne8 17. e5 f6 18. Qd3 Kb7 19. Rb1 fxe5 20. Qe4+ Nc6 21. Bxb6 axb6 22. Qe3 Nxd6 23. Qxb6+ Ka8 24. Qa6+ Na7 25. Rb6 Rb8 {Carlsen,M (2690)-Leko,P (2749) Monte Carlo 2007 ½-½ (37)}) 11... Nh5 12. Ne2 Rg8 13. O-O Nf4 14. Nxf4 gxf4 15. Kh1 Na5 16. c5 Bxd3 17. Qxd3 bxc5 18. Qa6 Nc6 19. Rab1 f6 20. Qb7 Rb8 21. Qxc7 Rxb1 22. Rxb1 cxd4 23. cxd4 Qxa3 24. Qc8+ Nd8 25. Qc2 Qd6 26. Rd1 a5 27. Bh4 Rf8 28. e5 fxe5 29. dxe5 Qb8 30. Bf6 Rf7 31. Rb1 Qa8 32. h4 Nc6 33. Qg6 a4 34. Qg8+ Rf8 35. Qg6+ Rf7 36. Qxh6 a3 37. Qxf4 a2 38. Ra1 Qb7 39. Qc1 Qb3 40. Kh2 Qa4 41. Kh3 Qb3 42. Qd2 Nb4 43. Rc1 d5 44. Qg5 1-0

[Event "FIDE Candidates 2024"]
[Site "Toronto CAN"]
[Date "2024.04.05"]
[Round "2.1"]
[White "Praggnanandhaa, R.."]
[Black "Gukesh, D.."]
[Result "0-1"]
[WhiteElo "2747"]
[BlackElo "2743"]
[PlyCount "66"]
[EventDate "2024.04.04"]

1. d4 d5 2. c4 e6 3. Nf3 Nf6 4. g3 Bb4+ 5. Nc3 dxc4 6. Bg2 O-O 7. O-O Nc6 8. a3 Be7 9. e4 a6 10. Be3 b5 11. Qe2 Bb7 12. Rad1 Na5 13. d5 exd5 14. e5 Ne8 15. e6 f5 $146 ({RR} 15... f6 16. Nh4 c6 17. Be4 g6 18. Nxg6 hxg6 19. Qg4 g5 20. Qf5 dxe4 21. Rxd8 Rxd8 22. Bb6 Ng7 23. Qxe4 c5 24. Qb1 Nb3 25. Bxd8 Nd2 26. Bxe7 Nxb1 27. Rxb1 Re8 28. Bxc5 Nxe6 29. Bb6 g4 30. Re1 {Sai Agni Jeevitesh,J (2309)-Lau,L (2239) Budapest HUN 2025 ½-½}) 16. Ne5 Nf6 17. Qc2 c6 18. Qxf5 Qe8 19. Nf7 Bc8 20. Rfe1 Nb7 21. Bg5 Ra7 22. Bxf6 Bxf6 23. Bxd5 cxd5 24. Nxd5 Be7 25. Qg4 Nd8 26. Nxd8 Bxd8 27. Qd4 Rb7 28. Re4 Bf6 29. Qe3 Be7 30. h4 Qc6 31. h5 Bc5 32. Qg5 Bxe6 33. h6 Rxf2 0-1

[Event "85th Tata Steel Masters"]
[Site "Wijk aan Zee NED"]
[Date "2023.01.16"]
[Round "3.7"]
[White "Praggnanandhaa, R.."]
[Black "Keymer, Vincent"]
[Result "1/2-1/2"]
[WhiteElo "2684"]
[BlackElo "2696"]
[PlyCount "156"]
[EventDate "2023.01.14"]

1. d4 Nf6 2. c4 e6 3. Nc3 Bb4 4. Qc2 O-O 5. a3 Bxc3+ 6. Qxc3 d6 7. f3 b6 ({RR} 7... c5 8. dxc5 dxc5 9. Bg5 h6 10. Bf4 Nc6 11. Rd1 Qa5 12. Bd2 Qa4 13. e3 e5 14. Ra1 Re8 15. Ne2 Bf5 16. b3 Qa6 17. Ng3 Bg6 18. Be2 Qb6 19. O-O a5 20. Rfd1 Nh7 21. Be1 Ng5 22. Rd5 {Kramnik,V (2772)-Ivanchuk,V (2786) Dresden 2008 ½-½ (54)}) 8. e4 Bb7 ({RR} 8... c5 9. dxc5 bxc5 10. Bg5 Nc6 11. Bxf6 Qxf6 12. Qxf6 gxf6 13. Ne2 Rb8 14. O-O-O Rd8 15. Nc3 a6 16. Bd3 Kg7 17. Bc2 Nd4 18. Rd2 e5 19. Ne2 Nc6 20. Rhd1 Na5 21. Rxd6 Rxd6 22. Rxd6 Be6 23. Rxa6 {Papasimakopoulos,A (2416)-Bjerre,J (2637) chess.com INT 2023 0-1 (40)}) 9. Ne2 $146 ({RR} 9. Bd3 e5 10. Ne2 Nbd7 11. d5 c6 12. dxc6 Bxc6 13. Be3 Rc8 14. Qd2 Ne8 15. Ng3 Nc5 16. Bc2 Bd7 17. O-O g6 18. Bh6 Ng7 19. Qxd6 Qc7 20. Rfd1 Be6 21. b3 Nb7 22. Qxc7 Rxc7 23. Rd2 Rfc8 {Shafi,D (1841)-Grant,A (2123) Glasgow 2016 ½-½ (53)}) 9... c5 10. d5 exd5 11. exd5 Re8 12. a4 Nbd7 13. Kf2 Ne5 14. Ng3 a6 15. Be2 b5 16. b3 bxc4 17. bxc4 a5 18. Re1 Ba6 19. Rb1 Nfd7 20. Bd2 Qh4 21. Rec1 Rab8 22. Rxb8 Rxb8 23. Kg1 Qd4+ 24. Qxd4 cxd4 25. f4 d3 26. fxe5 dxe2 27. exd6 Rc8 28. Nxe2 Rxc4 29. Rxc4 Bxc4 30. Nd4 Kf8 31. Bxa5 Ke8 32. Bd2 Nc5 33. a5 Bxd5 34. Bb4 Na6 35. Ba3 Kd7 36. Kf2 Nb8 37. Nf5 g6 38. Ne7 Bb7 39. g3 Nc6 40. Nd5 Nxa5 41. Nf6+ Kd8 42. Nxh7 Nc4 43. Bb4 Ne5 44. Ke3 Kd7 45. Ng5 Ba8 46. h4 Nc4+ 47. Kd4 Nxd6 48. Bxd6 Kxd6 49. Nxf7+ Ke6 50. Nh6 Bb7 51. Ke3 Ke5 52. Ng4+ Kf5 53. Nh2 Bc8 54. g4+ Kf6 55. Kf3 g5 56. h5 Kg7 57. Kg3 Kh6 58. Nf3 Be6 59. Nd4 Bd7 60. Kf3 Bc8 61. Nb5 Bb7+ 62. Kf2 Bc8 63. Kg3 Bd7 64. Nd6 Be6 65. Kf3 Bd5+ 66. Kf2 Be6 67. Kg3 Kg7 68. Nf5+ Kf6 69. Nd4 Bc8 70. Nf3 Be6 71. Nd4 Bc8 72. Nc2 Be6 73. Kf3 Bd5+ 74. Kf2 Be6 75. Kg3 Kf7 76. Ne3 Kg7 77. Kf3 Kh6 78. Ke4 Bxg4 1/2-1/2

[Event "Meltwater Tour Final 2022"]
[Site "chess24.com INT"]
[Date "2022.11.16"]
[Round "3.1"]
[White "Praggnanandhaa, R.."]
[Black "Le, Quang Liem"]
[Result "1-0"]
[WhiteElo "2678"]
[BlackElo "2728"]
[PlyCount "81"]
[EventDate "2022.11.14"]

1. d4 Nf6 2. c4 e6 3. Nc3 Bb4 4. e3 O-O 5. Nf3 c5 6. Bd3 d5 7. cxd5 exd5 8. dxc5 Nbd7 9. O-O Nxc5 10. Ne2 Nxd3 ({RR} 10... Bg4 11. Nfd4 Nxd3 12. Qxd3 Bxe2 13. Nxe2 Bd6 14. Bd2 Be5 15. Bc3 Qd6 16. Bxe5 Qxe5 17. Qd4 Qxd4 18. Nxd4 Rfc8 19. Rac1 Kf8 20. f3 h5 21. Rfd1 a6 22. Kf2 g6 23. Ne2 Ke7 24. Nc3 b5 25. Rd4 {Harikrishna,P (2755)-Wojtaszek,R (2745) Shamkir 2017 ½-½ (56)}) ({RR} 10... Bg4 11. Nfd4 Nxd3 12. Qxd3 Bd6 13. f3 Bd7 14. Bd2 Qe7 15. Ng3 g6 16. Rfe1 Rfe8 17. Nf1 h5 18. Bc3 Rac8 19. Rad1 a6 20. Qd2 Bb8 21. Qf2 Bc6 22. Ne2 Nh7 23. Nf4 Rcd8 24. Bd4 Nf8 25. Qd2 {Sapenov,D (2405)-Ayush,S (2437) Aktobe KAZ 2025 ½-½ (71)}) 11. Qxd3 Be6 $146 ({RR} 11... Bg4 12. b3 Qe7 13. Nfd4 Bd7 14. Bb2 Qe4 15. Qd1 Rac8 16. Ng3 Qg6 17. Nde2 Bd6 18. Bd4 a6 19. a4 Rfd8 20. Nf4 Bxf4 21. exf4 Ne4 22. Re1 Re8 23. Re3 f6 24. Bb2 Qf7 25. Nxe4 Rxe4 26. Rxe4 {Rozum,I (2581)-Ghosh,D (2536) Bhubaneswar 2018 ½-½ (31)}) ({RR} 11... Qb6 12. Bd2 Be7 13. Bc3 Bd7 14. Nfd4 g6 15. b3 Rac8 16. Bb2 Rfd8 17. Rac1 Bf8 18. h3 Bg7 19. Nc3 Be8 20. Rc2 Qd6 21. Rfc1 Qb8 22. Nce2 a6 23. Rxc8 Rxc8 24. Rxc8 Qxc8 25. Qc3 Qd8 26. Qb4 {Blohberger,F (2467)-Le,Q (2709) Chess.com INT 2020 0-1 (72)}) 12. b3 Qe7 13. Bb2 Ba3 14. Bxa3 Qxa3 15. h3 Rac8 16. Nf4 Qa5 17. Ng5 Rc6 18. Rac1 Rfc8 19. Rxc6 Rxc6 20. Nh5 Ne4 21. Qd4 Qc3 22. Nxe6 fxe6 23. Qxa7 Nd2 24. Rd1 Qc1 25. Qb8+ Kf7 26. Qxb7+ Ke8 27. Nxg7+ Kf8 28. Nxe6+ Ke8 29. Ng7+ Kd8 30. Qa8+ Kd7 31. Qe8+ Kc7 32. Qh5 Qb2 33. Qe2 Rc1 34. Kh2 Rxd1 35. Qxd1 Qxa2 36. Ne6+ Kd6 37. Nf4 d4 38. exd4 Nxb3 39. Qd3 Qxf2 40. Qxb3 Qxf4+ 41. Qg3 1-0